Introduction ot partial differential equations: from tourier series to boundary value problems (Record no. 95299)

MARC details
000 -LEADER
fixed length control field 00414nam a2200145Ia 4500
008 - FIXED-LENGTH DATA ELEMENTS--GENERAL INFORMATION
fixed length control field 230917s9999||||xx |||||||||||||| ||und||
040 ## - CATALOGING SOURCE
-- 83003
Original cataloging agency VIVEKANANDA LIBRARY
041 ## - Language
-- English
082 ## - DDC NUMBER
Classification number 515.353 B788I
100 ## - MAIN ENTRY--PERSONAL NAME
Personal name Broman, Arne
245 #0 - TITLE STATEMENT
Title Introduction ot partial differential equations: from tourier series to boundary value problems
260 ## - PUBLICATION, DISTRIBUTION, ETC. (IMPRINT)
Place of publication, distribution, etc New York
Name of publisher, distributor, etc Dover
Date of publication, distribution, etc 1970
300 ## - PHYSICAL DESCRIPTION
Pages vi, 183 p.
942 ## - ADDED ENTRY ELEMENTS (KOHA)
Koha item type Books
Holdings
Withdrawn status Lost status Damaged status Not for loan Location (home branch) Sublocation or collection (holding branch) Date acquired Koha issues (times borrowed) Koha full call number Accession No. Koha date last seen Koha item type
        VIVEKANANDA LIBRARY VIVEKANANDA LIBRARY 20/03/2003   515.353 B788I 177535 17/09/2023 Books
        VIVEKANANDA LIBRARY VIVEKANANDA LIBRARY 20/03/2003   515.353 B788I 177605 17/09/2023 Books
© Designed and Maintained by Vivekananda Library, MDU Rohtak